000 00295nam a22001337a 4500
008 181012b xxu||||| |||| 00| 0 eng d
020 _a0470933003
041 _aeng
080 _a611
100 _a6
101 _aANA
245 _aAdvances in Sleep Research
_cWeitzman, E.D
942 _2udc
_cBK
999 _c49503
_d49503